[Event "Lloyds Bank Masters 04th"]
[Site "London"]
[Date "1980.08.22"]
[Round "3.35"]
[White "Hakki, Imad"]
[Black "Frostick, Clive A"]
[Result "1-0"]
[WhiteElo "2255"]
[BlackElo "2120"]
[PlyCount "83"]
[EventDate "1980.08.20"]
[EventType "swiss"]
[EventRounds "9"]
[EventCountry "ENG"]
[SourceTitle "BritBase"]
[Source "John Saunders"]
[SourceDate "2020.09.07"]
[SourceVersion "1"]
[SourceVersionDate "2020.09.07"]
[SourceQuality "2"]

1. e4 c5 2. Nf3 Nc6 3. d4 cxd4 4. Nxd4 e5 5. Nb5 a6 6. Nd6+ Bxd6 7. Qxd6 Qf6 8.
Qd1 Qg6 9. Nc3 Nge7 10. h4 f5 11. h5 Qe6 12. h6 g6 13. Nd5 Qd6 14. Bc4 f4 15.
a4 Nxd5 16. Bxd5 Qc5 17. c3 Ne7 18. Ba2 b6 19. Qe2 Bb7 20. O-O O-O-O 21. b4 Qc6
22. b5 axb5 23. axb5 Qf6 24. Ba3 d6 25. Rfd1 Rhf8 26. Qc4+ Kb8 27. Qd3 Nc8 28.
Bd5 Qe7 29. Bb4 Bxd5 30. Qxd5 Qb7 31. Qc4 Rf6 32. Ra6 Qf7 33. Bxd6+ Rfxd6 34.
Qxf7 Rxd1+ 35. Kh2 Rf1 36. Qa2 Rdd1 37. Kh3 Rh1+ 38. Kg4 Rxh6 39. Ra8+ Kc7 40.
Qc4+ Kd6 41. Qc6+ Ke7 42. Rxc8 1-0

[Event "Lloyds Bank Masters 04th"]
[Site "London"]
[Date "1980.08.23"]
[Round "4.1"]
[White "Povah, Nigel Edward"]
[Black "Gutman, Lev"]
[Result "0-1"]
[WhiteElo "2385"]
[BlackElo "2430"]
[PlyCount "92"]
[EventDate "1980.08.20"]
[EventType "swiss"]
[EventRounds "9"]
[EventCountry "ENG"]
[SourceTitle "BritBase"]
[Source "John Saunders"]
[SourceDate "2020.09.07"]
[SourceVersion "1"]
[SourceVersionDate "2020.09.07"]
[SourceQuality "2"]

1. e4 c5 2. Nf3 d6 3. d4 cxd4 4. Nxd4 Nf6 5. Nc3 e6 6. f4 Nc6 7. Be3 Be7 8. Qf3
O-O 9. Nb3 a6 10. O-O-O Qc7 11. g4 b5 12. g5 Nd7 13. h4 Nb6 14. Nd4 b4 15. Nce2
Nxd4 16. Bxd4 a5 17. Ng3 a4 18. f5 b3 19. axb3 exf5 20. Nxf5 Bxf5 21. exf5 Rfc8
22. Rh2 d5 23. Rf2 axb3 24. Qxb3 Nc4 25. Bxc4 dxc4 26. Qe3 Re8 27. Qf3 Ra1+ 28.
Kd2 Qa5+ 29. c3 Qa2 30. Ke1 Qa4 31. Kd2 Qb3 32. Rc1 Qxb2+ 33. Rc2 Qb1 34. Qe2
Bxg5+ 35. hxg5 Rxe2+ 36. Rxe2 Qd1+ 37. Ke3 f6 38. gxf6 gxf6 39. Bxf6 Qg1+ 40.
Rf2 Qg3+ 41. Ke4 Qd3+ 42. Kf4 Re1 43. Rg2+ Kf7 44. Bd4 Re4+ 45. Kg5 h6+ 46.
Kxh6 Qh3+ 0-1

[Event "Lloyds Bank Masters 04th"]
[Site "London"]
[Date "1980.08.23"]
[Round "4.2"]
[White "Chandler, Murray G"]
[Black "Petursson, Margeir"]
[Result "1/2-1/2"]
[WhiteElo "2450"]
[BlackElo "2425"]
[PlyCount "37"]
[EventDate "1980.08.20"]
[EventType "swiss"]
[EventRounds "9"]
[EventCountry "ENG"]
[SourceTitle "BritBase"]
[Source "John Saunders"]
[SourceDate "2020.09.07"]
[SourceVersion "1"]
[SourceVersionDate "2020.09.07"]
[SourceQuality "2"]

1. d4 Nf6 2. c4 e6 3. Nf3 b6 4. Nc3 Bb7 5. a3 d5 6. cxd5 exd5 7. g3 Be7 8. Bg2
O-O 9. O-O Na6 10. Ne5 c5 11. Bf4 Nc7 12. dxc5 bxc5 13. Nc4 Rb8 14. Bxc7 Qxc7
15. Nxd5 Bxd5 16. Bxd5 Rfd8 17. e4 Nxe4 18. Qh5 Ng5 19. Rad1 1/2-1/2

[Event "Lloyds Bank Masters 04th"]
[Site "London"]
[Date "1980.08.23"]
[Round "4.3"]
[White "Cox, John J"]
[Black "Shamkovich, Leonid"]
[Result "1-0"]
[WhiteElo "2180"]
[BlackElo "2515"]
[PlyCount "83"]
[EventDate "1980.08.20"]
[EventType "swiss"]
[EventRounds "9"]
[EventCountry "ENG"]
[SourceTitle "BritBase"]
[Source "John Saunders"]
[SourceDate "2020.09.07"]
[SourceVersion "1"]
[SourceVersionDate "2020.09.07"]
[SourceQuality "2"]

1. c4 c5 2. Nc3 Nc6 3. g3 g6 4. Bg2 Bg7 5. e3 e5 6. Nge2 Nge7 7. d3 d6 8. a3 a6
9. b4 h5 10. h3 cxb4 11. axb4 Nxb4 12. Ba3 Nbc6 13. Ne4 Nf5 14. g4 hxg4 15.
hxg4 Rxh1+ 16. Bxh1 Qh4 17. gxf5 Qxh1+ 18. Kd2 Qxd1+ 19. Rxd1 Bxf5 20. Nxd6+
Kd7 21. Nxb7 Rb8 22. Nc5+ Ke8 23. Nc3 Bf8 24. Nxa6 Rb3 25. Nc7+ Kd7 26. Bxf8
Kxc7 27. Nb5+ Kd7 28. Kc2 Na5 29. e4 Ke8 30. Ra1 Bxe4 31. dxe4 Kxf8 32. Rxa5
Rb4 33. Kc3 Rb1 34. Na3 Ra1 35. c5 Ke7 36. c6 Rc1+ 37. Nc2 Kd6 38. Rc5 Kc7 39.
Kd2 Rf1 40. Ne3 Rxf2+ 41. Ke1 Ra2 42. Nd5+ {Source: BCM, November 1980, p561}
1-0

[Event "Lloyds Bank Masters 04th"]
[Site "London"]
[Date "1980.08.23"]
[Round "4.5"]
[White "Jacobs, Byron A"]
[Black "Berg, Klaus"]
[Result "1-0"]
[WhiteElo "2160"]
[BlackElo "2295"]
[PlyCount "53"]
[EventDate "1980.08.20"]
[EventType "swiss"]
[EventRounds "9"]
[EventCountry "ENG"]
[SourceTitle "BritBase"]
[Source "John Saunders"]
[SourceDate "2020.09.07"]
[SourceVersion "1"]
[SourceVersionDate "2020.09.07"]
[SourceQuality "2"]

1. e4 c6 2. d4 d5 3. exd5 cxd5 4. c4 Nf6 5. Nc3 Nc6 6. Nf3 e6 7. cxd5 Nxd5 8.
Bd3 Be7 9. O-O O-O 10. Re1 Bf6 11. Be4 Nce7 12. Qd3 g6 13. Bh6 Bg7 14. Bxg7
Kxg7 15. h4 Nf6 16. Ne5 Nxe4 17. Nxe4 h5 18. Rac1 b6 19. Rc2 Bb7 20. Ng5 Qd5
21. f3 Nc6 22. Rxc6 Bxc6 23. Ngxf7 Rg8 24. Qxg6+ Kf8 25. Qf6 Rg7 26. Nh6+ Ke8
27. Nxc6 1-0

[Event "Lloyds Bank Masters 04th"]
[Site "London"]
[Date "1980.08.23"]
[Round "4.8"]
[White "Martin, Andrew D"]
[Black "Iskov, Gert"]
[Result "1-0"]
[WhiteElo "2315"]
[BlackElo "2400"]
[PlyCount "89"]
[EventDate "1980.08.20"]
[EventType "swiss"]
[EventRounds "9"]
[EventCountry "ENG"]
[SourceTitle "BritBase"]
[Source "John Saunders"]
[SourceDate "2020.09.07"]
[SourceVersion "1"]
[SourceVersionDate "2020.09.07"]
[SourceQuality "2"]

1. d4 Nf6 2. c4 g6 3. Nc3 Bg7 4. e4 d6 5. Nf3 O-O 6. Be2 Bg4 7. O-O Nfd7 8. Be3
e5 9. d5 Bxf3 10. Bxf3 a5 11. a3 Na6 12. Rb1 f5 13. b4 axb4 14. axb4 Bf6 15.
Qc1 Kh8 16. Nb5 Be7 17. Qc2 Nf6 18. exf5 gxf5 19. Bh6 Rg8 20. Qxf5 Rg6 21. Be3
Qg8 22. g3 Rf8 23. Qd3 h5 24. Nc3 h4 25. Bg2 Ng4 26. Ne4 Qh7 27. h3 Nh6 28.
Bxh6 Qxh6 29. Qc3 Rfg8 30. c5 Qg7 31. Rb3 hxg3 32. fxg3 dxc5 33. bxc5 b6 34.
cxb6 cxb6 35. Rf5 Nc5 36. Rh5+ Rh6 37. Rxh6+ Qxh6 38. Qxe5+ Rg7 39. d6 Bxd6 40.
Nxd6 Qc1+ 41. Kh2 Nxb3 42. Qh5+ Rh7 43. Qe8+ Kg7 44. Qf7+ Kh6 45. Qf6+ 1-0

[Event "Lloyds Bank Masters 04th"]
[Site "London"]
[Date "1980.08.23"]
[Round "4.9"]
[White "Pagden, Michael Ashley"]
[Black "Hartston, William Roland"]
[Result "1/2-1/2"]
[WhiteElo "2280"]
[BlackElo "2465"]
[PlyCount "91"]
[EventDate "1980.08.20"]
[EventType "swiss"]
[EventRounds "9"]
[EventCountry "ENG"]
[SourceTitle "BritBase"]
[Source "John Saunders"]
[SourceDate "2020.09.07"]
[SourceVersion "1"]
[SourceVersionDate "2020.09.07"]
[SourceQuality "2"]

1. c4 c5 2. Nc3 Nc6 3. g3 g6 4. Bg2 Bg7 5. e3 Nh6 6. Nge2 Nf5 7. Rb1 b6 8. O-O
Bb7 9. d4 cxd4 10. exd4 Nfxd4 11. Nxd4 Bxd4 12. Bh6 Bxc3 13. bxc3 d6 14. Re1
Qc7 15. c5 dxc5 16. Bg7 Rg8 17. Bf6 Kf8 18. Bxc6 Qxc6 19. Bxe7+ Kg7 20. f3 Rge8
21. Re4 f5 22. Re3 Qc7 23. Qe2 Be4 24. fxe4 Qxe7 25. e5 Qe6 26. a4 Rad8 27. Rd1
Rxd1+ 28. Qxd1 Re7 29. Kf2 Rd7 30. Rd3 Rxd3 31. Qxd3 a5 32. Qe2 Kf7 33. h4 h6
34. Qa6 g5 35. h5 Qxe5 36. Qb7+ Ke6 37. Qxb6+ Qd6 38. Qxa5 f4 39. gxf4 Qxf4+
40. Ke1 Qe3+ 41. Kf1 Qf3+ 42. Ke1 Qe3+ 43. Kf1 Qf4+ 44. Ke1 Qe4+ 45. Kf1 Qc4+
46. Kf2 1/2-1/2

[Event "Lloyds Bank Masters 04th"]
[Site "London"]
[Date "1980.08.23"]
[Round "4.10"]
[White "Lederman, Leon"]
[Black "Van der Mije, Alexandra"]
[Result "1-0"]
[WhiteElo "2410"]
[BlackElo "2285"]
[PlyCount "65"]
[EventDate "1980.08.20"]
[EventType "swiss"]
[EventRounds "9"]
[EventCountry "ENG"]
[SourceTitle "BritBase"]
[Source "John Saunders"]
[SourceDate "2020.09.07"]
[SourceVersion "1"]
[SourceVersionDate "2020.09.07"]
[SourceQuality "2"]

1. e4 e5 2. Nf3 Nc6 3. Bb5 a6 4. Ba4 Nf6 5. O-O Be7 6. Re1 b5 7. Bb3 d6 8. c3
O-O 9. d4 Bg4 10. Be3 exd4 11. cxd4 Na5 12. Bc2 Nc4 13. Bc1 c5 14. b3 Nb6 15.
Nbd2 cxd4 16. h3 Bh5 17. g4 Bg6 18. Nxd4 Qc8 19. Bb2 d5 20. Rc1 Qb7 21. e5 Ne4
22. Nf5 Ng5 23. h4 Nh3+ 24. Kg2 Nf4+ 25. Kg3 Ne6 26. f4 Bc5 27. h5 Qd7 28. Nf3
Rae8 29. Qd2 Rc8 30. Rh1 d4 31. Be4 Nd5 32. Bxd5 Qxd5 33. b4 1-0

[Event "Lloyds Bank Masters 04th"]
[Site "London"]
[Date "1980.08.23"]
[Round "4.11"]
[White "Bellin, Robert"]
[Black "Knott, Simon JB"]
[Result "0-1"]
[WhiteElo "2440"]
[BlackElo "2220"]
[PlyCount "78"]
[EventDate "1980.08.20"]
[EventType "swiss"]
[EventRounds "9"]
[EventCountry "ENG"]
[SourceTitle "BritBase"]
[Source "John Saunders"]
[SourceDate "2020.09.07"]
[SourceVersion "1"]
[SourceVersionDate "2020.09.07"]
[SourceQuality "2"]

1. d4 Nf6 2. Nf3 g6 3. Bg5 Bg7 4. Nbd2 d6 5. c3 h6 6. Bh4 Nbd7 7. e4 e5 8. dxe5
dxe5 9. Be2 O-O 10. O-O Qe8 11. Qc2 Nh5 12. Rfe1 Kh8 13. Nc4 f5 14. exf5 gxf5
15. Bf1 e4 16. Nfd2 b5 17. Na5 Ne5 18. f3 Qg6 19. Bf2 Nf4 20. Bd4 Ned3 21. g3
Nxe1 22. Rxe1 Ne6 23. Bf2 Ng5 24. f4 Ne6 25. Be3 Bd7 26. Ndb3 Rfd8 27. c4 b4
28. c5 Ba4 29. Qc4 Bxb3 30. Nxb3 a5 31. a4 bxa3 32. bxa3 a4 33. Na1 Nd4 34. Bg2
Qa6 35. Qf7 Qd3 36. Qh5 Nf3+ 37. Bxf3 exf3 38. Qxf3 Re8 39. Kf2 Rab8 0-1

[Event "Lloyds Bank Masters 04th"]
[Site "London"]
[Date "1980.08.23"]
[Round "4.17"]
[White "Van Dijk, Bram"]
[Black "Ligterink, Gert"]
[Result "0-1"]
[WhiteElo "2250"]
[BlackElo "2455"]
[PlyCount "128"]
[EventDate "1980.08.20"]
[EventType "swiss"]
[EventRounds "9"]
[EventCountry "ENG"]
[SourceTitle "BritBase"]
[Source "John Saunders"]
[SourceDate "2020.09.07"]
[SourceVersion "1"]
[SourceVersionDate "2020.09.07"]
[SourceQuality "2"]

1. e4 c5 2. Nf3 e6 3. c3 d5 4. exd5 exd5 5. d4 Nc6 6. Be3 c4 7. b3 cxb3 8. axb3
Bd6 9. Bd3 Nf6 10. O-O O-O 11. Bg5 Bg4 12. Nbd2 h6 13. Bh4 Re8 14. Qc2 Rc8 15.
Qb2 g5 16. Bg3 Ne4 17. Rae1 Bf5 18. Bxd6 Qxd6 19. Re3 Re7 20. c4 Rce8 21. cxd5
Qxd5 22. Bc4 Qd6 23. d5 Nxd2 24. Qxd2 Nb4 25. Rfe1 Rxe3 26. Rxe3 Rxe3 27. Qxe3
a6 28. h4 b5 29. Bf1 gxh4 30. Nxh4 Bd7 31. Qe4 Nxd5 32. Nf5 Bxf5 33. Qxf5 Qe6
34. Qd3 Qe5 35. g3 Nc3 36. Qd8+ Kg7 37. Qc8 Qd4 38. Qxa6 Ne4 39. Qa2 b4 40. Kg2
Nd2 41. Bc4 Qe4+ 42. Kg1 Nxc4 43. bxc4 Qd3 44. Qb2+ Qc3 45. Qe2 b3 46. Qg4+ Kf8
47. Qc8+ Kg7 48. Qg4+ Kf8 49. Qc8+ Ke7 50. Qc7+ Kf6 51. Qf4+ Ke6 52. Qe4+ Kd6
53. Qf4+ Kc5 54. Qc7+ Kd4 55. Qd7+ Kxc4 56. Qxf7+ Kd3 57. Qd5+ Kc2 58. Kh2 b2
59. Qe4+ Kc1 60. Qf4+ Qd2 61. Qc4+ Qc2 62. Qf4+ Kd1 63. Qf3+ Ke1 64. Qe3+ Kf1
0-1

[Event "Lloyds Bank Masters 04th"]
[Site "London"]
[Date "1980.08.23"]
[Round "4.20"]
[White "Sax, Gyula"]
[Black "Macpherson, Hugh Dugald"]
[Result "1/2-1/2"]
[WhiteElo "2570"]
[BlackElo "2345"]
[PlyCount "93"]
[EventDate "1980.08.20"]
[EventType "swiss"]
[EventRounds "9"]
[EventCountry "ENG"]
[SourceTitle "BritBase"]
[Source "John Saunders"]
[SourceDate "2020.09.07"]
[SourceVersion "1"]
[SourceVersionDate "2020.09.07"]
[SourceQuality "2"]

1. e4 Nf6 2. e5 Nd5 3. d4 d6 4. Bc4 Nb6 5. Bb3 dxe5 6. Qh5 e6 7. dxe5 a5 8. a3
a4 9. Ba2 Nc6 10. Nf3 Nd4 11. Nxd4 Qxd4 12. Nd2 Ra5 13. Nf3 Qe4+ 14. Be3 g6 15.
Qh3 Bd7 16. O-O Bc6 17. Bxe6 fxe6 18. Qxe6+ Be7 19. Bg5 Rxe5 20. Qxe5 Qxe5 21.
Nxe5 Bxg5 22. Rfe1 O-O 23. Nxc6 bxc6 24. b3 Bf6 25. Rad1 c5 26. Re6 Bd4 27. Rd2
Ra8 28. bxa4 Rxa4 29. Rd3 Nc4 30. Re8+ Kf7 31. Rc8 Rxa3 32. Rxc7+ Ke6 33. Kf1
Ra1+ 34. Ke2 Ne5 35. Rd2 Ra2 36. f4 Kd6 37. Rc8 Ng4 38. c3 Rxd2+ 39. Kxd2 Bg1
40. h3 Nf6 41. Kd3 Bh2 42. Kc4 Nd7 43. Rh8 Bxf4 44. Rxh7 Ne5+ 45. Kb5 Bd2 46.
c4 Be3 47. h4 1/2-1/2

[Event "Lloyds Bank Masters 04th"]
[Site "London"]
[Date "1980.08.23"]
[Round "4.29"]
[White "Plaskett, H James"]
[Black "Lucena, Lincoln"]
[Result "1-0"]
[WhiteElo "2405"]
[BlackElo "2350"]
[PlyCount "63"]
[EventDate "1980.08.20"]
[EventType "swiss"]
[EventRounds "9"]
[EventCountry "ENG"]
[SourceTitle "BritBase"]
[Source "John Saunders"]
[SourceDate "2020.09.07"]
[SourceVersion "1"]
[SourceVersionDate "2020.09.07"]
[SourceQuality "2"]

1. c4 c5 2. Nc3 Nf6 3. g3 e6 4. Nf3 b6 5. Bg2 Bb7 6. O-O Be7 7. b3 O-O 8. Bb2
d6 9. e3 a6 10. Qe2 Nbd7 11. d3 Ra7 12. e4 Qa8 13. Nd2 Ne8 14. f4 Bf6 15. Nf3
Bc6 16. Rae1 Bd4+ 17. Nxd4 cxd4 18. Nd1 e5 19. g4 a5 20. g5 Nc5 21. f5 Qd8 22.
Bc1 b5 23. Rf3 bxc4 24. bxc4 Bd7 25. Nf2 Bc8 26. Ng4 Rb7 27. Rh3 Rb1 28. Qf2
Rxc1 29. Qh4 Rxe1+ 30. Bf1 Rxf1+ 31. Kxf1 f6 32. g6 1-0

[Event "Lloyds Bank Masters 04th"]
[Site "London"]
[Date "1980.08.23"]
[Round "4.30"]
[White "Ostermeyer, Peter"]
[Black "Strauss, David J"]
[Result "1-0"]
[WhiteElo "2400"]
[BlackElo "2335"]
[PlyCount "53"]
[EventDate "1980.08.20"]
[EventType "swiss"]
[EventRounds "9"]
[EventCountry "ENG"]
[SourceTitle "BritBase"]
[Source "John Saunders"]
[SourceDate "2020.09.07"]
[SourceVersion "1"]
[SourceVersionDate "2020.09.07"]
[SourceQuality "2"]

1. e4 d5 2. exd5 Nf6 3. d4 Nxd5 4. Nf3 Bg4 5. Be2 e6 6. O-O Nc6 7. h3 Bh5 8. c4
Nb6 9. Nc3 Be7 10. Be3 Bxf3 11. Bxf3 Nxc4 12. Bxc6+ bxc6 13. Qa4 Nb6 14. Qxc6+
Qd7 15. Qf3 O-O 16. Rac1 a5 17. Rc2 a4 18. Rfc1 Rfb8 19. Bf4 Bd6 20. Be5 Ra5
21. Qg3 f6 22. Ne4 Qf7 23. Bxd6 cxd6 24. Nxd6 Qf8 25. Rc6 Rba8 26. Qe3 Qe7 27.
Nf5 1-0

[Event "Lloyds Bank Masters 04th"]
[Site "London"]
[Date "1980.08.23"]
[Round "4.41"]
[White "Nicholson, John G"]
[Black "Webb, Richard M"]
[Result "1-0"]
[WhiteElo "2305"]
[BlackElo "2425"]
[PlyCount "77"]
[EventDate "1980.08.20"]
[EventType "swiss"]
[EventRounds "9"]
[EventCountry "ENG"]
[SourceTitle "BritBase"]
[Source "John Saunders"]
[SourceDate "2020.09.07"]
[SourceVersion "1"]
[SourceVersionDate "2020.09.07"]
[SourceQuality "2"]

1. e4 c5 2. Nf3 d6 3. d4 cxd4 4. Nxd4 Nf6 5. Nc3 e6 6. Be2 Be7 7. Be3 Nc6 8.
O-O O-O 9. f4 Bd7 10. Nb3 a6 11. a4 b6 12. Bf3 Qc7 13. Qe2 Rfc8 14. g4 Be8 15.
Rad1 Nd7 16. g5 Nc5 17. Nd4 Nxd4 18. Rxd4 Bc6 19. f5 b5 20. axb5 axb5 21. Qg2
Rab8 22. g6 fxg6 23. fxg6 b4 24. gxh7+ Kh8 25. Ne2 e5 26. Rdd1 Bb5 27. Rf2 b3
28. Nc3 bxc2 29. Rxc2 Nb3 30. Bg4 Bd7 31. Rf2 Rf8 32. Nd5 Qd8 33. Rxf8+ Bxf8
34. Rf1 Nd4 35. Bxd4 exd4 36. Nf4 Bxg4 37. Ng6+ Kxh7 38. Qxg4 Rb5 39. Nxf8+ 1-0

[Event "Lloyds Bank Masters 04th"]
[Site "London"]
[Date "1980.08.23"]
[Round "4.42"]
[White "Penzias, Mordechai"]
[Black "Brown, Simon D"]
[Result "0-1"]
[WhiteElo "2160"]
[BlackElo "2260"]
[PlyCount "62"]
[EventDate "1980.08.20"]
[EventType "swiss"]
[EventRounds "9"]
[EventCountry "ENG"]
[SourceTitle "BritBase"]
[Source "John Saunders"]
[SourceDate "2020.09.07"]
[SourceVersion "1"]
[SourceVersionDate "2020.09.07"]
[SourceQuality "2"]

1. d4 e6 2. c4 d5 3. Nc3 c5 4. cxd5 exd5 5. Nf3 Nc6 6. g3 Nf6 7. Bg2 Be7 8. O-O
O-O 9. b3 Ne4 10. Bb2 Bf6 11. e3 Bg4 12. Ne2 Re8 13. h3 Bxf3 14. Bxf3 Rc8 15.
Bg4 Rc7 16. Rc1 g6 17. h4 cxd4 18. Nxd4 Nxd4 19. Rxc7 Qxc7 20. Bxd4 Bxd4 21.
exd4 Nxg3 22. Re1 Ne4 23. Qf3 f5 24. Bh3 Kg7 25. Bg2 b5 26. Qd3 Nxf2 27. Qd2
Rxe1+ 28. Qxe1 Ng4 29. Bxd5 Qh2+ 30. Kf1 Qf4+ 31. Ke2 Qe3+ 0-1

[Event "Lloyds Bank Masters 04th"]
[Site "London"]
[Date "1980.08.23"]
[Round "4.47"]
[White "Makai, Zsuzsa"]
[Black "Iclicki, Willy"]
[Result "1-0"]
[WhiteElo "2175"]
[BlackElo "2200"]
[PlyCount "49"]
[EventDate "1980.08.20"]
[EventType "swiss"]
[EventRounds "9"]
[EventCountry "ENG"]
[SourceTitle "BritBase"]
[Source "John Saunders"]
[SourceDate "2020.09.07"]
[SourceVersion "1"]
[SourceVersionDate "2020.09.07"]
[SourceQuality "2"]

1. c4 e5 2. Nc3 Nc6 3. Nf3 f5 4. d4 e4 5. Ng5 h6 6. Nh3 g5 7. f3 exf3 8. exf3
Bg7 9. Be3 d6 10. g3 Nf6 11. d5 Qe7 12. Qd2 Ne5 13. Be2 Bd7 14. O-O-O O-O-O 15.
Rde1 Qf7 16. f4 Neg4 17. Bxa7 b6 18. c5 Kb7 19. Qd3 Kxa7 20. Qa6+ Kb8 21. c6
Bc8 22. Qa3 Nxd5 23. Nb5 Bxb2+ 24. Kxb2 Qf6+ 25. Kb3 1-0

[Event "Lloyds Bank Masters 04th"]
[Site "London"]
[Date "1980.08.24"]
[Round "5.1"]
[White "Gutman, Lev"]
[Black "Cox, John J"]
[Result "1-0"]
[WhiteElo "2430"]
[BlackElo "2180"]
[PlyCount "63"]
[EventDate "1980.08.20"]
[EventType "swiss"]
[EventRounds "9"]
[EventCountry "ENG"]
[SourceTitle "BritBase"]
[Source "John Saunders"]
[SourceDate "2020.09.07"]
[SourceVersion "1"]
[SourceVersionDate "2020.09.07"]
[SourceQuality "2"]

1. Nf3 Nf6 2. g3 b5 3. c3 e6 4. Qb3 a6 5. a4 Bb7 6. Bg2 c5 7. d3 b4 8. a5 Nc6
9. Qa4 d5 10. O-O Be7 11. cxb4 cxb4 12. Nbd2 O-O 13. Nb3 Nd7 14. Be3 Rc8 15.
Rfc1 Ncb8 16. Nfd4 Ne5 17. Bf4 Nec6 18. Nf3 Bd6 19. d4 Bxf4 20. gxf4 Qd6 21. e3
Nd7 22. Nc5 Nxc5 23. Rxc5 f6 24. Rac1 Kh8 25. Ne1 e5 26. Rxd5 Qe6 27. Rdc5 exd4
28. Bxc6 Qg4+ 29. Ng2 Rxc6 30. Rxc6 d3 31. Qxb4 Rd8 32. Qe7 1-0

[Event "Lloyds Bank Masters 04th"]
[Site "London"]
[Date "1980.08.24"]
[Round "5.2"]
[White "Gheorghiu, Florin"]
[Black "Jacobs, Byron A"]
[Result "1-0"]
[WhiteElo "2605"]
[BlackElo "2160"]
[PlyCount "77"]
[EventDate "1980.08.20"]
[EventType "swiss"]
[EventRounds "9"]
[EventCountry "ENG"]
[SourceTitle "BritBase"]
[Source "John Saunders"]
[SourceDate "2020.09.07"]
[SourceVersion "1"]
[SourceVersionDate "2020.09.07"]
[SourceQuality "2"]

1. d4 Nf6 2. c4 c5 3. d5 b5 4. cxb5 a6 5. bxa6 Bxa6 6. g3 d6 7. Bg2 g6 8. b3
Bg7 9. Bb2 O-O 10. Nh3 Nbd7 11. O-O Qb6 12. Bc3 Rfb8 13. Re1 Ng4 14. Bxg7 Kxg7
15. Nd2 c4 16. bxc4 Nge5 17. Rc1 Rc8 18. Nf4 Nxc4 19. Bh3 Nce5 20. Bxd7 Nxd7
21. Nb3 Ne5 22. Rxc8 Rxc8 23. Qd2 Bc4 24. Rc1 Rb8 25. Rc3 Qb4 26. h4 Ra8 27.
Qd4 Rxa2 28. Nd3 Qa4 29. Nxe5 Bxb3 30. Nc4+ f6 31. Qe3 Bxc4 32. Qxe7+ Kh6 33.
Qf8+ Kh5 34. Qxf6 Kh6 35. Qf8+ Kh5 36. g4+ Kxh4 37. Qh6+ Kxg4 38. Rg3+ Kf5 39.
Qg5+ 1-0

[Event "Lloyds Bank Masters 04th"]
[Site "London"]
[Date "1980.08.24"]
[Round "5.5"]
[White "Petursson, Margeir"]
[Black "Pliester, Leon"]
[Result "0-1"]
[WhiteElo "2425"]
[BlackElo "2245"]
[PlyCount "106"]
[EventDate "1980.08.20"]
[EventType "swiss"]
[EventRounds "9"]
[EventCountry "ENG"]
[SourceTitle "BritBase"]
[Source "John Saunders"]
[SourceDate "2020.09.07"]
[SourceVersion "1"]
[SourceVersionDate "2020.09.07"]
[SourceQuality "2"]

1. d4 Nf6 2. Nf3 g6 3. Bg5 Bg7 4. Nbd2 O-O 5. c3 d6 6. e4 Nbd7 7. Be2 h6 8. Bh4
e5 9. dxe5 dxe5 10. O-O Qe8 11. Re1 Nc5 12. Qc2 Nh5 13. Nc4 Nf4 14. Bf1 Bg4 15.
b4 Bxf3 16. bxc5 Bg4 17. Rab1 b6 18. a4 Bd7 19. a5 b5 20. Ne3 Ne6 21. f3 c6 22.
Red1 f5 23. exf5 Nxc5 24. c4 b4 25. Qd2 Bxf5 26. Nxf5 Rxf5 27. Qd6 e4 28. Re1
e3 29. Kh1 g5 30. Bg3 b3 31. Bd3 Rd8 32. Bxf5 Rxd6 33. Bxd6 Bf8 34. Bxc5 Bxc5
35. Rxb3 Qe5 36. Be4 h5 37. g3 h4 38. gxh4 gxh4 39. Re2 h3 40. Rb1 Qf6 41. Rg1+
Kf8 42. Rg6 Qa1+ 43. Rg1 Qf6 44. Rg6 Qd4 45. Rg1 Qxc4 46. Rc2 Qb5 47. Rgc1 e2
48. Re1 Bf2 49. Rcxe2 Bxe1 50. Rxe1 Qxa5 51. Rg1 Qc3 52. Rg3 a5 53. Rxh3 a4 0-1

[Event "Lloyds Bank Masters 04th"]
[Site "London"]
[Date "1980.08.24"]
[Round "5.7"]
[White "Wells, Peter K"]
[Black "Povah, Nigel Edward"]
[Result "0-1"]
[WhiteElo "2220"]
[BlackElo "2385"]
[PlyCount "79"]
[EventDate "1980.08.20"]
[EventType "swiss"]
[EventRounds "9"]
[EventCountry "ENG"]
[SourceTitle "BritBase"]
[Source "John Saunders"]
[SourceDate "2020.09.07"]
[SourceVersion "1"]
[SourceVersionDate "2020.09.07"]
[SourceQuality "2"]

1. d4 Nf6 2. c4 c5 3. d5 e6 4. Nc3 exd5 5. cxd5 d6 6. Nf3 g6 7. e4 Bg7 8. Be2
O-O 9. O-O Re8 10. Nd2 Nbd7 11. Qc2 Ne5 12. a4 g5 13. Nc4 Nxc4 14. Bxc4 Ng4 15.
Ne2 Ne5 16. Ng3 a6 17. a5 Bd7 18. Be2 Ng6 19. Nh5 Be5 20. Qd1 Nf4 21. Bg4 Bb5
22. Nxf4 Bxf1 23. Nh3 Bb5 24. Nxg5 h6 25. Nh3 Bg7 26. Qf3 Bd7 27. Bd2 Bxg4 28.
Qxg4 Qf6 29. Re1 Kh8 30. Bc3 Qg6 31. Qf3 Bxc3 32. Qxc3+ Qg7 33. Qd2 Re7 34. Nf4
Qd4 35. Qxd4+ cxd4 36. f3 Rc8 37. Rd1 Rc2 38. Rxd4 Rxb2 39. Nh5 Rc7 40. h4 0-1

[Event "Lloyds Bank Masters 04th"]
[Site "London"]
[Date "1980.08.24"]
[Round "5.8"]
[White "Law, Andrew P"]
[Black "Martin, Andrew D"]
[Result "1-0"]
[WhiteElo "2375"]
[BlackElo "2315"]
[PlyCount "69"]
[EventDate "1980.08.20"]
[EventType "swiss"]
[EventRounds "9"]
[EventCountry "ENG"]
[SourceTitle "BritBase"]
[Source "John Saunders"]
[SourceDate "2020.09.07"]
[SourceVersion "1"]
[SourceVersionDate "2020.09.07"]
[SourceQuality "2"]

1. Nf3 Nf6 2. c4 e6 3. Nc3 b6 4. e4 Bb7 5. Bd3 d6 6. Bc2 c5 7. d4 cxd4 8. Nxd4
Be7 9. O-O O-O 10. b3 a6 11. Bb2 Nbd7 12. Kh1 Qb8 13. f4 Rd8 14. Qe1 Bf8 15.
Qh4 b5 16. cxb5 axb5 17. Ndxb5 h6 18. a4 Nc5 19. Rae1 d5 20. e5 Nfe4 21. Nd4
Nxc3 22. Bxc3 Ne4 23. Ba1 Qc7 24. f5 exf5 25. Rxf5 Bc8 26. Rff1 Ba6 27. Rf3 Be7
28. Qg4 Ng5 29. Rc3 Qb7 30. h4 Ne4 31. Rf3 Qb4 32. Rxe4 Qd2 33. Bc3 dxe4 34.
Bxd2 exf3 35. Nxf3 1-0